• 首页
  • 本馆介绍
  • 公告通知
  • 最新文献
  • 馆藏检索
  • 电子资源
  • 读者导购
  • 参考咨询
  • 我的图书馆
  • 登录
  • 详细信息显示
  • 放入我的书架
  • 预约/预借图书
  • 作者相关作品
  • 分类相关作品
  • 丛书相关作品
  • 出版社相关作品

书目信息

  • 表格格式
  • 工作单格式
  • 卡片格式
题名:
胶黏剂与涂料
    
 
作者: 顾继友 主编
分册:  
出版信息: 北京   中国林业出版社  2012.08
页数: 298页
开本: 26cm
丛书名:
单 册:
中图分类: TQ43 , TQ630.6
科图分类:
主题词: 胶粘剂--高等教育--教材 , 涂料--高等教育--教材 , 胶粘剂 , 涂料
电子资源:
ISBN: 978-7-5038-6719-4
000 01005nam0 2200313 450
001 4880
005 20181015092916.21
010    @a978-7-5038-6719-4@dCNY35.00
100    @a20121212d2012 em y0chiy50 ea
101 0  @achi
102    @aCN@b110000
105    @ay z 000yy
200 1  @a胶黏剂与涂料@9jiao nian ji yu tu liao@f顾继友主编
205    @a2版
210    @a北京@c中国林业出版社@d2012.08
215    @a298页@d26cm
300    @a面向21世纪课程教材 普通高等教育“十二五”规划教材
312    @a封面英文题名:Adhesives and coatings
330    @a本书介绍了木材胶接基础、氨基树脂胶黏剂、酚醛树脂胶黏剂、烯类高聚物胶黏剂、橡胶型胶黏剂、天然胶黏剂、涂料品种等内容。
510 1  @aAdhesives and coatings@zeng
606 0  @a胶粘剂@x高等教育@j教材
606 0  @a涂料@x高等教育@j教材
606 0  @a胶粘剂
606 0  @a涂料
690    @aTQ43@v5
690    @aTQ630.6@v5
701  0 @c(满)@a顾继友@9gu ji you@f(1955.9~)@4主编
801  0 @aCN@b91MARC@c20130904
905    @aMuseLib@dTQ43@e11=2
    
    胶黏剂与涂料/顾继友主编.-2版.-北京:中国林业出版社,2012.08
    298页;26cm
    面向21世纪课程教材 普通高等教育“十二五”规划教材
    
    ISBN 978-7-5038-6719-4:CNY35.00
    本书介绍了木材胶接基础、氨基树脂胶黏剂、酚醛树脂胶黏剂、烯类高聚物胶黏剂、橡胶型胶黏剂、天然胶黏剂、涂料品种等内容。
●
相关链接 在E读中查询图书 在五车中查询图书 在当当中查询图书 在豆瓣中查询图书


正题名:胶黏剂与涂料     索取号:TQ43/11=2         预约/预借

序号 登录号 条形码 馆藏地/架位号 状态 备注
1 1127052   211270523   第二样本阅览室/ [索取号:TQ43/11=2] 在馆    
2 1127053   211270532   第三借阅区/ [索取号:TQ43/11=2] 在馆    
3 1127054   211270541   第三借阅区/ [索取号:TQ43/11=2] 在馆    
4 1127055   211270550   第三借阅区/ [索取号:TQ43/11=2] 在馆    
5 1127056   211270569   化学系资料室/ [索取号:TQ43/11=2] 在馆    
唐山师范学院图书馆 欢迎您!
大连网信软件有限公司© 版权所有